Paroles - Lune, Notre Dame de Paris - Statistiques

Statistiques générales
  • Ce quiz a été pris 118 fois
  • Le résultat moyen est 119 sur 133
Statistiques - réponses
Paroles % Correct
de
100%
100%
la
100%
Lune
100%
haut
98%
le
98%
les
98%
ma
98%
Qui
98%
qui
98%
a
96%
par
96%
sa
96%
Sa
96%
ce
94%
et
94%
s’allume
94%
toi
94%
Entends
92%
homme
92%
jour
92%
Sur
92%
sur
92%
un
92%
bête
91%
comme
91%
cri
91%
Paris
91%
Pour
91%
pour
91%
quand
91%
Quasimodo
91%
toits
91%
Vois
91%
C’est
89%
d’amour
89%
D’amour
89%
D’un
89%
d’un
89%
peut
89%
que
89%
revient
89%
souffrir
89%
des
87%
détresse
87%
mal
87%
Ne
87%
ne
87%
pleure
87%
solitaire
87%
voix
87%
celle
85%
coeur
85%
humaine
85%
monts
85%
pas
85%
plume
85%
Qu’il
85%
vaux
85%
aime
83%
Bel
83%
complainte
83%
éclairer
83%
folle
83%
meurt
83%
million
83%
Terre
83%
yeux
83%
astre
81%
au
81%
d’étoiles
81%
jusqu’à
81%
monde
81%
vers
81%
amour
79%
Avant
79%
chant
79%
mortel
79%
s’embrume
79%
Veille
79%
vienne
79%
étrange
77%
monter
77%
rugir
77%
valent
77%
anges
74%
arriver
74%
S’envole
64%
mêle
57%
choeur
43%
Aucun quiz correspondant
Distribution des résultats
% des personnes avec chaque résultat
Percentile par nombre de réponses
Votre historique - résultats
Vous n’avez pas pris ce quiz